धर्मगाथा और जातीय संघर्ष / (Record no. 27726)
[ view plain ]
| 000 -LEADER | |
|---|---|
| fixed length control field | 01140 aa a2200253 4500 |
| 005 - DATE AND TIME OF LATEST TRANSACTION | |
| control field | 20090620163721.0 |
| 008 - FIXED-LENGTH DATA ELEMENTS--GENERAL INFORMATION | |
| fixed length control field | 080916t xxu||||| |||| 00| 0 hin d |
| 010 ## - LCCN (DPL NO) | |
| LC control number | HIN-87008 |
| 020 ## - INTERNATIONAL STANDARD BOOK NUMBER | |
| International Standard Book Number | 818839811x |
| Terms of availability | 150.00 |
| 035 ## - SYSTEM CONTROL NUMBER | |
| System control number | HN-59354 |
| 037 ## - SOURCE OF ACQUISITION | |
| Source of stock number/acquisition | DBAD / PUB |
| 040 ## - CATALOGING SOURCE | |
| Original cataloging agency | dpl |
| Language of cataloging | hn |
| 082 ## - DEWEY DECIMAL CLASSIFICATION NUMBER | |
| Classification number | 230 |
| 100 ## - MAIN ENTRY--PERSONAL NAME | |
| Personal name | गुप्ता, ममता |
| 245 ## - TITLE STATEMENT | |
| Title | धर्मगाथा और जातीय संघर्ष / |
| Statement of responsibility, etc | ममता गुप्ता |
| 246 ## - VARYING FORM OF TITLE | |
| Title proper/short title | Dharamgathaa aura jaatiiya sangharsha |
| Remainder of title | by Mamta Gupta |
| 260 ## - PUBLICATION, DISTRIBUTION, ETC. (IMPRINT) | |
| Place of publication, distribution, etc | दिल्ली |
| Name of publisher, distributor, etc | राधारानी प्रकाशन |
| Date of publication, distribution, etc | 2008 |
| 270 ## - ADDRESS | |
| Address | 29/61-बी, गली नं. 11, विश्वास नगर, |
| City | दिल्ली |
| Postal code | 110032 |
| 300 ## - PHYSICAL DESCRIPTION | |
| Extent | 144पृ. |
| Dimensions | 22 सेमी (सजिल्द) |
| 650 ## - SUBJECT ADDED ENTRY--TOPICAL TERM | |
| Topical term or geographic name as entry element | हिन्दू धर्म |
| 650 ## - SUBJECT ADDED ENTRY--TOPICAL TERM | |
| Topical term or geographic name as entry element | Hindu religion |
| 942 ## - ADDED ENTRY ELEMENTS (KOHA) | |
| Institution code [OBSOLETE] | dpl |
| Item type | Hindi Books |
| Source of classification or shelving scheme | Dewey Decimal Classification |
| Call number suffix | गुप्ताम |
| Classification part | 230 |
| Withdrawn status | Lost status | Source of classification or shelving scheme | Damaged status | Not for loan | Home library | Current library | Date acquired | Source of acquisition | Cost, normal purchase price | Total Checkouts | Full call number | Barcode | Date last seen | Copy number | Cost, replacement price | Koha item type |
|---|---|---|---|---|---|---|---|---|---|---|---|---|---|---|---|---|
| Dewey Decimal Classification | Not For Loan | D.B.Act.Division | D.B.Act.Division | 20/06/2009 | DBAD / PUB | 150.00 | 230 गुप्ताम | HN-59354 | 20/06/2009 | 1 | 150.00 | Hindi Books |
